La mafia en Puerto Rico : (Record no. 24849)
[ view plain ]
| 000 -CABECERA | |
|---|---|
| campo de control de longitud fija | 01197nam a2200325 a 4500 |
| 001 - NÚMERO DE CONTROL | |
| campo de control | 000025357 |
| 005 - FECHA Y HORA DE LA ÚLTIMA TRANSACCIÓN | |
| campo de control | 20250404101318.0 |
| 008 - DATOS DE LONGITUD FIJA--INFORMACIÓN GENERAL | |
| campo de control de longitud fija | 090720s2004 dr 000 0 spa d |
| 020 ## - NÚMERO INTERNACIONAL ESTÁNDAR DEL LIBRO | |
| Número Internacional Estándar del Libro | 1932271325 |
| 040 ## - FUENTE DE LA CATALOGACIÓN | |
| Centro catalogador/agencia de origen | DO-SdBNP |
| Lengua de catalogación | spa |
| Centro/agencia transcriptor | BNPHU |
| 082 ## - NÚMERO DE LA CLASIFICACIÓN DECIMAL DEWEY | |
| Número de clasificación | 364.106 |
| Número de documento/Ítem | L864m, 2004 |
| 049 ## - FONDOS LOCALES (OCLC) | |
| Fondos de biblioteca | BNPD |
| 100 1# - ENTRADA PRINCIPAL--NOMBRE DE PERSONA | |
| Nombre de persona | López Rojas, Luis A. |
| Fechas asociadas al nombre | 1961- |
| 9 (RLIN) | 12434 |
| 245 13 - MENCIÓN DE TÍTULO | |
| Título | La mafia en Puerto Rico : |
| Resto del título | las caras ocultas del desarrollo (1940-1972) / |
| Mención de responsabilidad, etc. | Luis A. López Rojas. |
| 250 ## - MENCIÓN DE EDICIÓN | |
| Mención de edición | 2a ed. |
| 260 ## - PUBLICACIÓN, DISTRIBUCIÓN, ETC. | |
| Lugar de publicación, distribución, etc. | San Juan : |
| Nombre del editor, distribuidor, etc. | Isla Negra, |
| Fecha de publicación, distribución, etc. | 2004. |
| 300 ## - DESCRIPCIÓN FÍSICA | |
| Extensión | 87 p. ; |
| Dimensiones | 22 cm. |
| 490 1# - MENCIÓN DE SERIE | |
| Mención de serie | Visiones y cegueras |
| 500 ## - NOTA GENERAL | |
| Nota general | Bibliografía : p. 85-86 |
| 500 ## - NOTA GENERAL | |
| Nota general | Incluye datos biográficos del autor en la solapa de la cubierta. |
| 504 ## - NOTA DE BIBLIOGRAFÍA, ETC. | |
| Nota de bibliografía, etc. | Incluye referencias bibliográficas y notas al pie de las páginas |
| 650 #4 - PUNTO DE ACCESO ADICIONAL DE MATERIA--TÉRMINO DE MATERIA | |
| Término de materia o nombre geográfico como elemento de entrada | Mafia |
| Subdivisión geográfica | Puerto Rico |
| Subdivisión general | Historia |
| 9 (RLIN) | 51930 |
| 650 #4 - PUNTO DE ACCESO ADICIONAL DE MATERIA--TÉRMINO DE MATERIA | |
| Término de materia o nombre geográfico como elemento de entrada | Prostitución |
| Subdivisión geográfica | Puerto Rico |
| 9 (RLIN) | 12437 |
| 650 #4 - PUNTO DE ACCESO ADICIONAL DE MATERIA--TÉRMINO DE MATERIA | |
| Término de materia o nombre geográfico como elemento de entrada | Juegos de azar |
| Subdivisión geográfica | Puerto Rico |
| 9 (RLIN) | 12438 |
| 650 #0 - PUNTO DE ACCESO ADICIONAL DE MATERIA--TÉRMINO DE MATERIA | |
| Término de materia o nombre geográfico como elemento de entrada | Narcotráfico |
| 9 (RLIN) | 6030 |
| 651 #4 - PUNTO DE ACCESO ADICIONAL DE MATERIA--NOMBRE GEOGRÁFICO | |
| Nombre geográfico | Puerto Rico |
| Subdivisión general | Condiciones Económicas |
| Subdivisión cronológica | 1940-1972 |
| 9 (RLIN) | 12439 |
| 651 #4 - PUNTO DE ACCESO ADICIONAL DE MATERIA--NOMBRE GEOGRÁFICO | |
| Nombre geográfico | Puerto Rico |
| Subdivisión general | Historia |
| Subdivisión cronológica | 1940-1972 |
| 9 (RLIN) | 12440 |
| 830 #0 - PUNTO DE ACCESO ADICIONAL DE SERIE-TÍTULO UNIFORME | |
| Título uniforme | Visiones y cegueras |
| 9 (RLIN) | 1120 |
| 910 ## - DATOS DE OPCIÓN DEL USUARIO (OCLC) | |
| Datos de opción del usuario | Validado. Control de calidad MFF |
| Estado de retiro | Estado de pérdida | Restricciones de uso | No para préstamo | Código de colección | Localización permanente | Ubicación/localización actual | Ubicación en estantería | Fecha de adquisición | Número de inventario | Total de préstamos | Signatura topográfica completa | Código de barras | Fecha visto por última vez | Precio válido a partir de | Tipo de ítem Koha | Número de copia |
|---|---|---|---|---|---|---|---|---|---|---|---|---|---|---|---|---|
| Patrimonio Dominicano | General | General | Depósito | 15.02.2011 | LF1 | 364.106 L864m, 2004 | 25357-10 | 25.06.2020 | 25.06.2020 | Libro y Folleto Colección Patrimonio Dominicano | ||||||
| Préstamo restrigido | Patrimonio Dominicano | General | General | Depósito | 15.02.2011 | LF1 | 364.106 L864m, 2004 | 25357-20 | 25.06.2020 | 25.06.2020 | Libro y Folleto Colección Patrimonio Dominicano | e. 2 | ||||
| Préstamo interno | General | General | Depósito | 12.11.2012 | LF1 | 364.106 L864m, 2004 | 25357-50 | 25.06.2020 | 25.06.2020 | Préstamo interno | e. 3 |
